000 00461nam a2200181 a 4500
001 1758620201462
003 YourLibrary
005 20250923150818.0
008 250923s2008##################000#0#eng##
020 _a9780131961616
082 0 4 _a577
_bWRI
100 1 _aMayer, Courtney,
_eauthor.
245 1 0 _aAP Environmental Science :
260 _c2008.
650 0 _aEnvironmental sciences.
942 _cENGLISH
040 _aYourLibrary
_beng
_cYourLibrary
999 _c589036
_d589036